Divided Name Puzzle - Detective Programmes - Statistics

General Stats
  • This quiz has been taken 114 times
  • The average score is 7 of 20
Answer Stats
Country Name % Correct
BROA DCHU RCH Broadchurch
80%
HAPP YVAL LEY Happy Valley
64%
PRIM SUSP ECT Prime Suspect
60%
MIS SMAR PLE Miss Marple
54%
PO IR OT Poirot
47%
COL UM BO Columbo
44%
FAT HERB ROWN Father Brown
43%
JULI ETB RAVO Juliet Bravo
41%
EN DEAV OUR Endeavour
33%
LIN EOFD UTY Line Of Duty
31%
WALL AND ER Wallander
29%
ASHE STOA SHES Ashes To Ashes
21%
LIFE ONM ARS Life On Mars
20%
BER GER AC Bergerac
16%
HINT ER LAND Hinterland
16%
MAI GR ET Maigret
16%
CRA CK ER Cracker
14%
LU TH ER Luther
14%
IRO NSI DE Ironside
10%
CA DFA EL Cadfael
4%
No matching quizzes found
Score Distribution
Percent of People with Each Score
Percentile by Number Answered
Your Score History
You have not taken this quiz